<?xml version="1.0" encoding="UTF-8"?>
<record
    xmlns:xsi="http://www.w3.org/2001/XMLSchema-instance"
    xsi:schemaLocation="http://www.loc.gov/MARC21/slim http://www.loc.gov/standards/marcxml/schema/MARC21slim.xsd"
    xmlns="http://www.loc.gov/MARC21/slim">

  <leader>01294cam a2200229 i 4500</leader>
  <controlfield tag="001">79092</controlfield>
  <controlfield tag="003">BD-RjUL</controlfield>
  <controlfield tag="005">20211230144705.0</controlfield>
  <controlfield tag="008">200128s1895    ii            000 0 ara  </controlfield>
  <datafield tag="035" ind1=" " ind2=" ">
    <subfield code="a">(BD-RjUL)79092</subfield>
  </datafield>
  <datafield tag="040" ind1=" " ind2=" ">
    <subfield code="a">DLC</subfield>
    <subfield code="b">eng</subfield>
    <subfield code="e">rda</subfield>
    <subfield code="c">DLC</subfield>
  </datafield>
  <datafield tag="041" ind1="0" ind2=" ">
    <subfield code="a">ara</subfield>
    <subfield code="a">per</subfield>
  </datafield>
  <datafield tag="082" ind1=" " ind2=" ">
    <subfield code="2">23</subfield>
    <subfield code="a">297.125</subfield>
    <subfield code="b">IBN 1895</subfield>
  </datafield>
  <datafield tag="100" ind1="1" ind2=" ">
    <subfield code="a">&#x625;&#x628;&#x646; &#x62D;&#x62C;&#x631; &#x627;&#x644;&#x639;&#x633;&#x642;&#x644;&#x627;&#x646;&#x64A;&#x60C; &#x623;&#x62D;&#x645;&#x62F; &#x628;&#x646; &#x639;&#x644;&#x64A;  ;; Ibn &#x1E24;ajar al-&#x2BB;Asqal&#x101;n&#x12B;, A&#x1E25;mad ibn &#x2BB;Al&#x12B;,</subfield>
    <subfield code="d">1372-1449. &#x647;&#x640;</subfield>
    <subfield code="9">410</subfield>
  </datafield>
  <datafield tag="245" ind1="1" ind2="0">
    <subfield code="a">&#x646;&#x62E;&#x628;&#x629; &#x627;&#x644;&#x641;&#x643;&#x631; &#x641;&#x64A; &#x645;&#x635;&#x637;&#x644;&#x62D; &#x627;&#x647;&#x644; &#x627;&#x644;&#x627;&#x62B;&#x631;.&#x648;&#x62B;&#x627;&#x646;&#x64A;&#x62A;&#x647;&#x645;&#x627; &#x628;&#x644;&#x648;&#x63A; &#x627;&#x644;&#x645;&#x631;&#x627;&#x645; &#x627;&#x644;&#x645;&#x631;&#x627;&#x645; &#x645;&#x646; &#x62D;&#x64A;&#x645;&#x639; &#x627;&#x62F;&#x644;&#x629; &#x627;&#x644;&#x627;&#x62D;&#x643;&#x627;&#x645; ;; nukhbat alfikr fi mustalah ahl alathar.wthaniatihima bulugh almaram almiram min himae adilat alahkam  /   /</subfield>
    <subfield code="c">&#x634;&#x647;&#x627;&#x628; &#x627;&#x644;&#x62F;&#x64A;&#x646; &#x623;&#x628;&#x648; &#x627;&#x644;&#x641;&#x636;&#x644; &#x623;&#x62D;&#x645;&#x62F; &#x628;&#x646; &#x639;&#x644;&#x64A; &#x628;&#x646; &#x645;&#x62D;&#x645;&#x62F; &#x627;&#x644;&#x643;&#x646;&#x627;&#x646;&#x64A; &#x627;&#x628;&#x646; &#x62D;&#x62C;&#x631; &#x627;&#x644;&#x639;&#x633;&#x642;&#x644;&#x627;&#x646;&#x64A;  ;;  Shihab al-Din Abu al-Fadl Ahmad ibn Ali ibn Muhammad al-Kinani ibn Hajar al-Asqalani,&#x640;</subfield>
  </datafield>
  <datafield tag="264" ind1=" " ind2="1">
    <subfield code="a">Karachi :</subfield>
    <subfield code="b">nur muhammad Asih ,</subfield>
    <subfield code="c">193?</subfield>
  </datafield>
  <datafield tag="300" ind1=" " ind2=" ">
    <subfield code="a">151, pages ;</subfield>
    <subfield code="c">24 cm</subfield>
  </datafield>
  <datafield tag="600" ind1="1" ind2="0">
    <subfield code="a">Ibn &#x1E24;ajar al-&#x2BB;Asqal&#x101;n&#x12B;, A&#x1E25;mad ibn &#x2BB;Al&#x12B;,</subfield>
    <subfield code="d">1372-1449.</subfield>
  </datafield>
  <datafield tag="600" ind1="1" ind2="0">
    <subfield code="a">Ibn &#x1E24;ajar al-&#x2BB;Asqal&#x101;n&#x12B;, A&#x1E25;mad ibn &#x2BB;Al&#x12B;,</subfield>
    <subfield code="d">1372-1449.</subfield>
    <subfield code="t">Bul&#x16B;gh al-mar&#x101;m.</subfield>
    <subfield code="9">412</subfield>
  </datafield>
  <datafield tag="650" ind1=" " ind2="0">
    <subfield code="a">Hadith</subfield>
    <subfield code="v">Terminology</subfield>
    <subfield code="v">Early works to 1800.</subfield>
    <subfield code="9">374</subfield>
  </datafield>
  <datafield tag="942" ind1=" " ind2=" ">
    <subfield code="2">ddc</subfield>
    <subfield code="c">BK</subfield>
  </datafield>
  <datafield tag="999" ind1=" " ind2=" ">
    <subfield code="c">79092</subfield>
    <subfield code="d">79092</subfield>
  </datafield>
  <datafield tag="952" ind1=" " ind2=" ">
    <subfield code="0">0</subfield>
    <subfield code="1">0</subfield>
    <subfield code="2">ddc</subfield>
    <subfield code="4">0</subfield>
    <subfield code="7">1</subfield>
    <subfield code="8">NFIC</subfield>
    <subfield code="a">RUCL</subfield>
    <subfield code="b">RUCL</subfield>
    <subfield code="c">Reading</subfield>
    <subfield code="d">1964-04-30</subfield>
    <subfield code="e">Urdu Librabry</subfield>
    <subfield code="g">2.00</subfield>
    <subfield code="l">0</subfield>
    <subfield code="o">A 297.125 IBN 192?</subfield>
    <subfield code="r">2021-12-30 00:00:00</subfield>
    <subfield code="t">C-1</subfield>
    <subfield code="w">2021-12-30</subfield>
    <subfield code="y">BK</subfield>
  </datafield>
</record>
